[Event "AUTO-INT-3663"]
[Site "http://www.queenalice.com/game.php?id=1709585"]
[Date "2021.4.26"]
[Round "1"]
[White "Ruusgugg"]
[Black "JonathanSouza"]
[Result "0-1"]
[WhiteElo "1372"]
[BlackElo "1353"]

1. e4 e5 2. g4 Nf6 3. g5 Nxe4 4. Qf3 Nd6 5. Bh3 Be7 6. Nc3 O-O 7. Nd5 Bxg5 8. b4
c6 9. Ne3 Nc4 10. Nxc4 Na6 11. Nxe5 Qe7 12. d4 Nxb4 13. Bxg5 f6 14. Bh4 g5 15.
Bg3 Nxc2+ 16. Kf1 Nxa1 17. Ne2 fxe5 18. Qc3 Qf7 19. Qxa1 h5 20. dxe5 h4 21. e6
dxe6 22. Rg1 hxg3 23. Rxg3 Qxf2# 0-1

[Event "AUTO-INT-3663"]
[Site "http://www.queenalice.com/game.php?id=1709586"]
[Date "2021.4.26"]
[Round "1"]
[White "JonathanSouza"]
[Black "Ruusgugg"]
[Result "1-0"]
[WhiteElo "1336"]
[BlackElo "1363"]

1. e4 e5 2. Nf3 b6 3. d4 exd4 4. Nxd4 c5 5. Nf5 g6 6. Ng3 f5 7. exf5 gxf5 8. Nh5
Bd6 9. Bc4 Nc6 10. Qf3 Nd4 11. Qxa8 Nc6 12. Ng7+ Kf8 13. Nxf5 Qc7 14. Nxd6 Qxd6
15. Qxc8+ Nd8 16. Qxd8+ Kg7 17. Bg5 Qe5+ 18. Be2 Qxb2 19. O-O Qxa1 20. Nd2 Qxa2
21. Bd3 h6 22. Bf4 Nf6 23. Qe7+ 1-0

[Event "AUTO-INT-3687"]
[Site "http://www.queenalice.com/game.php?id=1764865"]
[Date "2021.7.20"]
[Round "1"]
[White "Nigel68"]
[Black "JonathanSouza"]
[Result "1-0"]
[WhiteElo "1653"]
[BlackElo "1362"]

1. e4 e5 2. Nf3 Nc6 3. c3 Bc5 4. d4 exd4 5. cxd4 Bb4+ 6. Nc3 Nf6 7. Bd3 O-O 8.
Bd2 d5 9. e5 Ne4 10. Bxe4 dxe4 11. Nxe4 Bf5 12. Nc3 Na5 13. O-O Bd3 14. Re1 Nc4
15. Qb3 Qe7 16. Nd5 1-0

[Event "AUTO-INT-3687"]
[Site "http://www.queenalice.com/game.php?id=1764866"]
[Date "2021.7.20"]
[Round "1"]
[White "JonathanSouza"]
[Black "Nigel68"]
[Result "0-1"]
[WhiteElo "1347"]
[BlackElo "1670"]

1. e4 e5 2. Bc4 Nf6 3. Nc3 c6 4. d3 d6 5. Nf3 Be7 6. Ng5 d5 7. exd5 cxd5 8. Bb5+
Bd7 9. O-O O-O 10. Qf3 a6 11. Nxd5 Bxb5 12. Qh3 Qxd5 13. c4 Bd7 14. cxd5 Bxh3
15. gxh3 Nxd5 16. Ne4 Nc6 17. Nc5 Bxc5 18. a3 Nf4 19. Rb1 Nxh3+ 20. Kg2 Nf4+ 21.
Bxf4 exf4 0-1

[Event "AUTO-INT-3687"]
[Site "http://www.queenalice.com/game.php?id=1764885"]
[Date "2021.7.20"]
[Round "1"]
[White "JonathanSouza"]
[Black "NickThorp"]
[Result "0-1"]
[WhiteElo "1345"]
[BlackElo "1602"]

1. e4 e5 2. Bc4 Bc5 3. Qf3 Nf6 4. Nc3 d6 5. h3 h6 6. Nd5 Nxd5 7. Bxd5 O-O 8. Ne2
c6 9. Bb3 Nd7 10. d4 exd4 11. O-O Nf6 12. Nf4 b5 13. Nh5 Nxh5 14. g4 Nf6 15. g5
hxg5 16. Bxg5 a5 17. a4 b4 18. Rae1 Re8 19. Re2 Be6 20. Rfe1 Bxb3 21. Qxb3 Re5
22. h4 Qe7 23. c3 dxc3 24. bxc3 bxc3 25. Qxc3 Bb4 26. Qxc6 Bc5 27. Qxa8+ Kh7 28.
Qxa5 Qa7 0-1

[Event "AUTO-INT-3687"]
[Site "http://www.queenalice.com/game.php?id=1764886"]
[Date "2021.7.20"]
[Round "1"]
[White "NickThorp"]
[Black "JonathanSouza"]
[Result "1-0"]
[WhiteElo "1575"]
[BlackElo "1354"]

1. e4 e5 2. Nf3 Nc6 3. Bb5 Qf6 4. d3 Nd4 5. Nxd4 exd4 6. O-O c6 7. Bc4 b5 8. Bb3
Bd6 9. f4 Ne7 10. e5 Qg6 11. exd6 Nd5 12. Qe2+ Qe6 13. Qxe6+ dxe6 14. Bxd5 exd5
15. f5 O-O 16. Nd2 Bxf5 17. Rxf5 1-0

[Event "AUTO-OPEN-4294"]
[Site "http://www.queenalice.com/game.php?id=1764990"]
[Date "2021.7.21"]
[Round "1"]
[White "JonathanSouza"]
[Black "Canaye"]
[Result "0-1"]
[WhiteElo "1364"]
[BlackElo "1854"]

1. e4 e6 2. d4 d5 3. Nc3 dxe4 4. Nxe4 Nd7 5. Nf3 Ngf6 6. Bc4 Nxe4 7. O-O Be7 8.
Qd3 Nd6 9. Bf4 Nxc4 10. Qxc4 c5 11. dxc5 Nxc5 12. Rad1 Qb6 13. Ne5 O-O 14. Rd2
Bf6 15. Ng4 Be7 16. Rfd1 f6 17. b4 Na6 18. b5 Nc5 19. a4 a5 20. h4 h5 21. Ne3
Kh8 22. g4 hxg4 23. Nxg4 e5 24. Be3 Be6 25. Qc3 Bxg4 26. Re1 Ne4 27. Qd3 Nc5 28.
Qc3 Rac8 29. Qa3 Qe6 0-1

[Event "AUTO-OPEN-4294"]
[Site "http://www.queenalice.com/game.php?id=1764991"]
[Date "2021.7.21"]
[Round "1"]
[White "Canaye"]
[Black "JonathanSouza"]
[Result "1-0"]
[WhiteElo "1843"]
[BlackElo "1356"]

1. d4 d5 2. c4 Nf6 3. cxd5 Nxd5 4. Nc3 e6 5. e4 Nxc3 6. bxc3 Nc6 7. Bd3 e5 8. d5
Na5 9. Qa4+ c6 10. dxc6 bxc6 11. Bc2 Bc5 12. Ne2 O-O 13. O-O Be6 14. Rd1 Qb6 15.
Rf1 Rad8 16. Rb1 Qa6 17. Ba3 Bxa3 18. Qxa3 Rd2 19. Bd1 Rxa2 20. Qc1 Rd8 21. Ng3
Qd3 22. Re1 Nc4 23. Be2 Qd2 24. Qxd2 Nxd2 25. h3 Nxb1 26. Rxb1 Kf8 27. Bf3 Rc2
28. Ra1 Ke7 29. Rxa7+ Kf6 30. Nh5+ Kg6 31. Ng3 Rd1+ 32. Bxd1 1-0

[Event "AUTO-OPEN-4294"]
[Site "http://www.queenalice.com/game.php?id=1764993"]
[Date "2021.7.21"]
[Round "1"]
[White "Fischercat"]
[Black "JonathanSouza"]
[Result "1-0"]
[WhiteElo "1802"]
[BlackElo "1358"]

1. e4 e5 2. d4 Nc6 3. dxe5 Nxe5 4. Nf3 Bd6 5. Nc3 Nf6 6. Bf4 Nxf3+ 7. Qxf3 O-O
8. Bxd6 cxd6 9. O-O-O Qb6 10. h4 d5 11. exd5 d6 12. h5 Re8 13. Bd3 Bg4 14. Qg3
Bxd1 15. Rxd1 Re5 16. h6 Nh5 17. Qg4 Nf6 18. Qxg7# 1-0

[Event "AUTO-OPEN-4294"]
[Site "http://www.queenalice.com/game.php?id=1764994"]
[Date "2021.7.21"]
[Round "1"]
[White "JonathanSouza"]
[Black "silverhawks"]
[Result "0-1"]
[WhiteElo "1368"]
[BlackElo "2240"]

1. e4 c5 2. Bc4 e5 3. Nf3 Nc6 4. Nc3 Nf6 5. O-O Be7 6. Ng5 O-O 7. Nxf7 Rxf7 8.
Bxf7+ Kxf7 9. Nd5 Nxe4 10. Qh5+ Kg8 11. d3 Nf6 12. Qg5 Nxd5 13. Qg4 d6 14. Qg3
Nd4 15. Be3 Ne2+ 16. Kh1 Nxg3+ 17. fxg3 Nxe3 18. Rf3 Nxc2 0-1

[Event "AUTO-OPEN-4294"]
[Site "http://www.queenalice.com/game.php?id=1764995"]
[Date "2021.7.21"]
[Round "1"]
[White "silverhawks"]
[Black "JonathanSouza"]
[Result "1-0"]
[WhiteElo "2239"]
[BlackElo "1370"]

1. e4 e5 2. Nf3 Nc6 3. Bb5 Nf6 4. Nc3 Bc5 5. O-O O-O 6. d3 a6 7. Bxc6 dxc6 8.
Nxe5 Be6 9. Nf3 Qd6 10. e5 Qd7 11. exf6 gxf6 12. d4 Bb6 13. Re1 c5 14. Be3 cxd4
15. Bxd4 c5 16. Bxf6 c4 17. Qc1 Bf5 18. Qh6 1-0

[Event "Let's Play I-18"]
[Site "http://www.queenalice.com/game.php?id=1766035"]
[Date "2021.8.13"]
[Round "-"]
[White "JonathanSouza"]
[Black "Rider"]
[Result "1-0"]
[WhiteElo "1344"]
[BlackElo "1533"]

1. e4 e5 2. Bc4 Qf6 3. Qf3 d6 4. Nc3 Nh6 5. Nd5 Qxf3 6. Nxf3 Kd7 7. O-O c6 8.
Nb4 f6 9. d4 exd4 10. Nxd4 c5 11. Ne6 Be7 12. Rd1 cxb4 13. Bf4 a5 14. Rd5 Kxe6
15. Rxd6# 1-0